Movies Quiz

Random Movies Quiz
Score 0/15 Timer 04:00
1 Play Today
% Correct
Apollo 13
94.4%
Titanic
93.7%
Chernobyl Diaries
86.3%
USS Indianapolis: Men of Courage
86.2%
The Perfect Storm
83.8%
Everest
83.1%
St. Helens
77.3%
Tora Tora Tora
73.7%
% Correct
Alive
72.2%
Deepwater Horizon
70.1%
The Finest Hours
67.8%
K-19: The Widowmaker
67%
The Impossible
55.9%
Unstoppable
43.3%
Fire and Rain
31.9%

You're not logged in!

Compare scores with friends on all Sporcle quizzes.
OR
Log In

Sporcle TV

Today on Sporcle TV


Watch our educational content, quiz creation guides, and fun videos on Sporcle TV.

Show Comments

Extras

Top Quizzes Today


Score Distribution

Paid Content

Your Account Isn't Verified!

In order to create a playlist on Sporcle, you need to verify the email address you used during registration. Go to your Sporcle Settings to finish the process.

Report this User

Report this user for behavior that violates our Community Guidelines.

Details: